Fisiologia del piacere /

Guardat en:
Dades bibliogràfiques
Autor principal: Mantegazza, Paolo, (1831-1910) (Autor)
Format: Llibre
Idioma:italià
Publicat: Sesto S. Giovanni : Madella, 1913
Matèries:
Etiquetes: Afegir etiqueta
Sense etiquetes, Sigues el primer a etiquetar aquest registre!

MARC

LEADER 00000nam a22000007i 4500
001 IT\ICCU\LIA\0040347
003 ItRI
005 20260115232332.0
008 930625s1913 it |||||| ||||| |||||c
040 |b ita  |c importazione bologna sebina 
041 7 |a ita  |2 ISO-639-2 
100 1 |a Mantegazza, Paolo,  |d  (1831-1910)  |0 IT\ICCU\CFIV\027197  |4 aut 
240 1 0 |a Fisiologia del piacere  |3 IT\ICCU\PAR\1276783  |9 Mantegazza, Paolo <1831-1910> 
245 1 0 |a Fisiologia del piacere /  |c di Paolo Mantegazza. 
260 |a Sesto S. Giovanni :  |b Madella,  |c 1913 
300 |a 450 p. ;  |c 19 cm 
650 7 |a Piacere 
752 |a it   |d Sesto San Giovanni 
942 |2 ddc  |c BK  |n 0 
952 |0 0  |1 0  |4 0  |6 DOC_171_400000000000000_MAN  |7 0  |9 24369  |a BO  |b BO  |d 2026-01-15  |i 2165  |l 0  |o DOC 171.4 MAN  |p BO2165  |r 2026-01-15 23:23:32  |w 2026-01-15  |x [Sebina 7] [1 v.]  |y BK  |z 1 v. 
999 |c 20744  |d 20744